| 000 | 00553nam a2200205 a 4500 | ||
|---|---|---|---|
| 001 | 2129 | ||
| 003 | CDMR | ||
| 005 | 20131205131315.0 | ||
| 008 | 130130s1977||||||||||||||||||||||||||||d | ||
| 020 | _a8473392507 | ||
| 040 |
_aCDMR _bcat _cCDMR |
||
| 100 | 1 |
_aMartín Serrano, Manuel _9870 |
|
| 245 | 1 | 3 |
_aLa mediación social _cManuel MArtín Serrano |
| 260 |
_aMadrid _c1977 _bAkal |
||
| 300 | _a217 p. | ||
| 490 | 0 |
_aManifiesto. _aComunicación |
|
| 650 | 0 | 4 |
_9405 _aMitjans de comunicació de massa |
| 650 | 0 | 4 |
_94461 _aCultura popular |
| 942 |
_cMON _2udc |
||
| 999 |
_c2129 _d2129 |
||